El Güegüense picardía e ingenio
| Main Author: | |
|---|---|
| Format: | Section = Libro |
| Language: | Undetermined Spanish |
| Published: |
Managua
Instituto Nicaragüense de Cultura
2008
|
| Subjects: |
| LEADER | 00551nam a2200193Ia 4500 | ||
|---|---|---|---|
| 008 | 240829s9999 xx 000 0 und d | ||
| 020 | |a 978-99924-30-28 | ||
| 040 | |a BIBLIOTECA-RUSB/ Ref 862 V986 | ||
| 041 | |a spa | ||
| 082 | |a Ref 862 V986 | ||
| 100 | 1 | |a Mántica Abauza, Carlos | |
| 245 | 1 | 0 | |a El Güegüense picardía e ingenio |
| 260 | |a Managua |b Instituto Nicaragüense de Cultura |c 2008 | ||
| 300 | |a 112 p. :il. | ||
| 650 | 7 | |a TEATRO FOLKLORICO NICARAGUENSE | |
| 650 | 7 | |b LITERATURA NICARAGUENSE | |
| 942 | |c BK |2 ddc | ||
| 991 | |a TEXTO | ||
| 999 | |c 6682 | ||